Score 0/100 Timer 10:00
0 Plays Today
First Word Second Word % Correct
afterbirth, noon, wards, effect, glow...
93.7%
anybody, one, time, thing, wise...
89.8%
backpack, ache, board, yard, ground...
84.5%
airbag, port, plane, tight, woman...
83%
bedbug, chair, room, straw, time...
81.3%
birthday, date, mark, rate, stone...
81%
bathhouse, less, mat, room, robe...
79.4%
bookable, case, making, man, store...
77%
battlefield, cry, front, ground, ship...
74.8%
classless, mate, room, work...
72.9%
everybody, day, man, one, thing...
72.6%
earache, drum, lobe, mark, wig...
72.6%
basketball, like, tries, try, work...
72.1%
breakable, away, dance, fast, through...
71.6%
doorbell, mat, men, step, way...
71.1%
beebee, like, line, hive, yard...
71.1%
download, beat, stairs, ward, stroke...
70.5%
armband, chair, like, load, pit...
70.5%
daydream, time, light, room, star...
70.5%
checkup, mate, rein, room, mark...
69.3%
buttercup, fly, milk, scotch, weed...
68%
blackball, berry, bird, tail, wood...
67.8%
eyewitness, able, ball, lash, beam...
67.6%
crossbow, court, cut, word, piece...
67.2%
football, age, rope, step, wear...
66.6%
cornbread, cob, cake, flake, flower...
66.4%
firefly, ball, base, man, pink...
66.3%
forearm, bode, shadow, foot, token...
65.4%
bluebell, bird, wood, weed, stem...
64.8%
childbearing, bed, birth, hood, proof...
63.1%
honeybee, comb, suckle, dew, bun...
62.6%
headquarter, mistress, spring, work, ache...
61.2%
heartburn, sick, broken, worm, wood...
61.1%
income, constant, famous, flammable, to...able
60.7%
First Word Second Word % Correct
carefree, taker, less, giving, worn...
60%
newsstand, letter, paper, writing, man...
60%
handbook, cuff, spring, writing, car...
59.5%
drumbeat, fish, stick, roll, like...
59.5%
hairline, brush, do, style, lock...
58.9%
outnumber, rage, let, side, field...act
58.5%
bullfrog, dozer, dog, whip, head...
58.4%
lifetime, guard, less, blood, boat...
58.4%
landmark, lady, owner, mine, fill...
58.2%
earthward, born, light, worm, quake...
58.2%
granddad, mother, niece, stand, pa...
57.8%
homebody, boy, work, school, ward...
57.2%
cation, fish, nap, tail, walk...
57.1%
nightfall, club, mare, scope, stand...
57%
eggbeater, cup, shell, roll, less...
56.6%
horseback, power, play, men, pox...
55.9%
railroad, way, bird, bus, head...
55.3%
someone, day, where, wise, deal...
55.1%
snowfall, ball, man, drift, blower...
55%
overreact, abundant, do, look, board...
54.9%
rainband, water, wear, drop, maker...
54.4%
fingertip, nail, board, hold, post...
54.4%
keyboard, button, word, way, set...
53.2%
postmark, office, man, card, grad...
52.7%
seafood, shore, board, front, going...
52.6%
sunburn, down, light, dress, proof...
52.5%
braincase, child, power, wash, storm...
52.5%
gunboat, metal, shot, powder, paper...
52.2%
houseboat, wife, broken, train, warming...
52.2%
nocent, thing, way, body, march...
51.6%
sideline, walk, burn, wise, winder...
50.8%
oncoming, board, stage, stream, uses...
50.7%
counteract, balance, weight, pane, raid...
49.8%
pigtail, weed, boat, sty, skin...
48.7%
First Word Second Word % Correct
superhero, women, bomb, bright, calendar...
48.2%
hotcake, bed, wire, tub, head...
47.9%
underhand, wear, react, stand, weight...
47.3%
sandbag, pit, shoe, box, worm...
46.8%
lightheaded, fast, wood, plane, house...
46.8%
uprising, grade, grow, stage, right...
46.1%
groundbreaking, wood, work, speed, cover...
45.6%
runaway, round, down, off, let...
45.2%
highland, way, road, spot, boy...
45%
starboard, fish, light, let, struck...
45%
offshoot, spring, side, guard, line...beat
44.6%
skyrocket, light, line, borne, hook...
44.5%
withdraw, in, stand, held, out...
44.4%
waterfall, works, tight, wheel, side...
44%
greenback, house, bug, field, wood...
43.9%
goldfish, rush, mine, stone, bug...
42.1%
shipshape, mate, yard, wreck, lap...
42.1%
roadside, runner, map, ability, bed...
42%
pinpoint, fish, bone, cushion, wheel...
40.4%
shortbread, change, coming, hair, fall...
40.1%
workwoman, horse, sheet, room, load...
39.5%
wallboard, let, eye, flower, paper...
39.1%
windpipe, able, age, mill, way...
38.2%
paperback, maker, weight, boy, bound...
38%
wheelbarrow, chair, work, wright, horse...
37.7%
manhole, kind, hunt, slayer, date...
36.3%
warfare, horse, head, lord, mouth...
36%
woodchuck, chopper, lark, bin, men...
35.4%
quicksilver, sand, fire, lime, set...
35.1%
whitefish, wall, board, wood, throat...
31.8%
softball, ware, wood, shell, hearted...
28.1%
wildcat, fire, life, wood, fowl...
27.6%
Remove Ads.
Support Sporcle.
Get the best of Sporcle when you Go Orange. This ad-free experience offers more features, more stats, and more fun while also helping to support Sporcle. Thank you for becoming a member.

You're not logged in!

Compare scores with friends on all Sporcle quizzes.
OR
Log In

Show Comments

Extras

Top Quizzes Today


Score Distribution

Your Account Isn't Verified!

In order to create a playlist on Sporcle, you need to verify the email address you used during registration. Go to your Sporcle Settings to finish the process.

Report this User

Report this user for behavior that violates our Community Guidelines.

Details: